This is the way we go to school / (Record no. 4914)

MARC details
000 -LEADER
fixed length control field 00943nam a22002897a 4500
001 - CONTROL NUMBER
control field 4914
003 - CONTROL NUMBER IDENTIFIER
control field FISKH
005 - DATE AND TIME OF LATEST TRANSACTION
control field 20241024152339.0
008 - FIXED-LENGTH DATA ELEMENTS--GENERAL INFORMATION
fixed length control field 241024b cb ||||| |||| 00| 0 eng d
020 ## - INTERNATIONAL STANDARD BOOK NUMBER
International Standard Book Number 9780531214404
040 ## - CATALOGING SOURCE
Original cataloging agency FISKH
Language of cataloging eng
Transcribing agency FISKH
Modifying agency FISKH
050 ## - LIBRARY OF CONGRESS CALL NUMBER
Classification number LB1556
082 ## - DEWEY DECIMAL CLASSIFICATION NUMBER
Classification number 371.7
100 ## - MAIN ENTRY--PERSONAL NAME
Personal name Falk, Laine
Dates associated with a name (1974-)
245 ## - TITLE STATEMENT
Title This is the way we go to school /
Statement of responsibility, etc. By Laine Falk
250 ## - EDITION STATEMENT
Edition statement Published in 2010
260 ## - PUBLICATION, DISTRIBUTION, ETC.
Place of publication, distribution, etc. New York :
Name of publisher, distributor, etc. Scholastic,
Date of publication, distribution, etc. 2010.
300 ## - PHYSICAL DESCRIPTION
Extent 24 pages :
Other physical details Color illustrations ;
Dimensions 21 cm
505 ## - FORMATTED CONTENTS NOTE
Formatted contents note J<br/>
520 ## - SUMMARY, ETC.
Summary, etc. Photographs, diagrams, graphs, and simple text about going to school help young learners develop vocabulary and basic grammar and comprehension skills, with websites for further research.
521 8# - TARGET AUDIENCE NOTE
Target audience note 450L<br/>
Source Lexile<br/>
521 8# - TARGET AUDIENCE NOTE
Target audience note J<br/>
Source Raz-Plus<br/>
650 ## - SUBJECT ADDED ENTRY--TOPICAL TERM
Source of heading or term Multicultural
Topical term or geographic name entry element Transportation
650 ## - SUBJECT ADDED ENTRY--TOPICAL TERM
Source of heading or term School
Topical term or geographic name entry element Cultures
942 ## - ADDED ENTRY ELEMENTS (KOHA)
Source of classification or shelving scheme Dewey Decimal Classification
Koha item type Books
Suppress in OPAC No
Holdings
Withdrawn status Lost status Source of classification or shelving scheme Damaged status Not for loan Collection Home library Current library Shelving location Date acquired Total Checkouts Full call number Barcode Date last seen Date last checked out Copy number Price effective from Koha item type
    Dewey Decimal Classification     Non-Fiction Footprints International School Library Network Toul Kork Campus Footprints International School Library Network Toul Kork Campus A TK Campus, 4th Floor, Room B401, Non-Fiction Bookcases(7-8) 10/24/2024 1 FAL 371.7 LB1556 2024-2216 11/27/2024 11/20/2024 1 10/24/2024 Books
    Dewey Decimal Classification     Non-Fiction Footprints International School Library Network Toul Kork Campus Footprints International School Library Network Toul Kork Campus A TK Campus, 4th Floor, Room B401, Non-Fiction Bookcases(7-8) 05/16/2025   FAL 371.7 LB1556 FISBK05969 05/16/2025   2 05/16/2025 Books